000 00541nam a22001817a 4500
999 _c524821
_d524821
003 NUST
005 20190626074706.0
008 190626b ||||| |||| 00| 0 eng d
038 _aMr. Zahoor
082 _a621.3
100 _aRohma Kalim
_915614
245 _aProceeding for Coordinated Multi-Point Transmission [CoMP] for LTE- A
_cRohma Kalim
260 _aIslamabad:
_bEE-NUST
_c2015.
300 _axii, 101p. : ill. ;
500 _aHardcover.
600 _2Electrical Engineering - MS Thesis
_aRohma Kalim
_915614
942 _2ddc
_cTHE